Statistics for Los Angeles Lakers: Top 10 All-Time Leaders

Click here to take the quiz!

General Stats

  • This quiz has been taken 1,748 times
    (50 since last reset)
  • The average score is 68 of 101

Answer Stats

Category#PlayerAmount% Correct
Points1Kobe Bryant33,643
98%
Rebounds3Kobe Bryant7,047
98%
Triple-Doubles4Kobe Bryant21
98%
Games1Kobe Bryant1,346
98%
Points Per Game5Kobe Bryant25.0
98%
Blocks5Kobe Bryant640
98%
Steals1Kobe Bryant1,944
98%
Assists2Kobe Bryant6,306
98%
Three Pointers Made1Kobe Bryant1,827
98%
Points2Jerry West25,192
96%
Rebounds10Jerry West5,366
96%
Games3Jerry West932
96%
Points Per Game4Jerry West27.0
96%
Triple-Doubles5Jerry West16
96%
Assists3Jerry West6,238
96%
Games6Magic Johnson906
96%
Points Per Game10Magic Johnson19.5
96%
Points5Magic Johnson17,707
96%
Steals2Magic Johnson1,724
96%
Triple-Doubles1Magic Johnson138
96%
Assists1Magic Johnson10,141
96%
Rebounds4Magic Johnson6,559
96%
Rebounds2Kareem Abdul-Jabbar10,279
91%
Games2Kareem Abdul-Jabbar1,093
91%
Assists6Kareem Abdul-Jabbar3,652
91%
Triple-Doubles6Kareem Abdul-Jabbar13
91%
Blocks1Kareem Abdul-Jabbar2,694
91%
Points Per Game8Kareem Abdul-Jabbar22.1
91%
Field Goal Percent5Kareem Abdul-Jabbar56.7%
91%
Points3Kareem Abdul-Jabbar24,176
91%
Steals6Kareem Abdul-Jabbar983
91%
Points Per Game2LeBron James27.1
91%
Three Pointers Made3LeBron James774
91%
Triple-Doubles2LeBron James37
91%
Rebounds6Shaquille O'Neal6,090
91%
Points7Shaquille O'Neal13,895
91%
Blocks2Shaquille O'Neal1,278
91%
Field Goal Percent4Shaquille O'Neal57.5%
91%
Points Per Game3Shaquille O'Neal27.0
91%
Blocks10Anthony Davis560
85%
Field Goal Percent9Anthony Davis53.1%
85%
Points Per Game6Anthony Davis24.6
85%
Points Per Game1Elgin Baylor27.4
81%
Triple-Doubles3Elgin Baylor26
81%
Points4Elgin Baylor23,149
81%
GamesT8Elgin Baylor846
81%
Rebounds1Elgin Baylor11,463
81%
Assists7Elgin Baylor3,650
81%
Triple-DoublesT10Pau Gasol5
72%
Blocks9Pau Gasol607
72%
Field Goal Percent10Pau Gasol52.2%
72%
Triple-Doubles8Wilt Chamberlain8
72%
Points Per Game7George Mikan23.1
70%
Points6James Worthy16,320
70%
Steals3James Worthy1,041
70%
Games4James Worthy926
70%
Assists9James Worthy2,791
70%
Blocks7James Worthy624
70%
Field Goal Percent3Wilt Chamberlain60.5%
68%
Rebounds5Wilt Chamberlain6,524
68%
Three Pointers Made9D'Angelo Russell488
66%
Three Pointers Made2Derek Fisher846
60%
Steals7Derek Fisher968
60%
Games5Derek Fisher915
60%
Points8Gail Goodrich13,044
49%
Assists8Gail Goodrich2,863
49%
Field Goal Percent2Dwight Howard61.6%
47%
Assists5Michael Cooper3,666
47%
Games7Michael Cooper873
47%
Steals5Michael Cooper1,033
47%
Triple-Doubles7Russell Westbrook12
47%
Games10A.C. Green735
45%
Steals10A.C. Green657
45%
Rebounds8A.C. Green5,632
45%
Blocks6Andrew Bynum628
43%
Field Goal Percent6Andrew Bynum56.6%
43%
Three Pointers Made10Rick Fox480
43%
Blocks4Vlade Divac834
43%
Triple-DoublesT10Julius Randle5
40%
Assists10Nick Van Exel2,749
40%
Three Pointers Made4Nick Van Exel750
40%
Points9Byron Scott12,780
38%
Three Pointers Made5Byron Scott595
38%
GamesT8Byron Scott846
38%
Steals4Byron Scott1,038
38%
Three Pointers Made8Eddie Jones489
36%
Triple-Doubles9Elmore Smith6
36%
Blocks8Elmore Smith609
36%
Steals8Norm Nixon868
30%
Assists4Norm Nixon3,846
30%
Rebounds7Vern Mikkelsen5,940
28%
Points10Jamaal Wilkes10,601
26%
Steals9Jamaal Wilkes706
26%
Field Goal Percent7Kurt Rambis55.0%
23%
Points Per Game9Cedric Ceballos20.9
21%
Blocks3Elden Campbell1,022
21%
Field Goal Percent1Javale McGee62.8%
17%
Three Pointers Made7Kyle Kuzma510
17%
Three Pointers Made6Kentavious Caldwell-Pope522
15%
Rebounds9Rudy LaRusso5,571
13%
Field Goal Percent8Larry Nance54.7%
9%

Score Distribution

Percentile by Number Answered

Percent of People with Each Score

Your Score History

You have not taken this quiz since the last reset